| 000 | 01674 a2200253 4500 | ||
|---|---|---|---|
| 003 | Nust | ||
| 005 | 20221128140039.0 | ||
| 010 | _a 84015783 | ||
| 020 | _a0030624819 | ||
| 040 | _cNust | ||
| 082 | 0 | 0 | _a621.3815,GHA |
| 100 | 1 |
_aGhausi, Mohammed Shuaib. _9103695 |
|
| 245 | 1 | 0 |
_aElectronic devices and circuits : _bdiscrete and integrated / _cM.S. Ghausi. |
| 260 |
_aNew York : _bHolt, Rinehart, and Winston, _cc1985. |
||
| 300 |
_axxii, 808 p. : _bill. ; _c25 cm. |
||
| 440 | 0 |
_aHRW series in electrical and computer engineering _9103696 |
|
| 505 | _aDiodes and Circuit Applications (Page-1), Bipolar Junction Transistors (Page-61), Field-Effect Transistors (Page-124), Single-Transistor (BJT and FET) Amplifiers (Page-175), Multiple-Transistor Amplifiers (Page-208), Output Stages and Power Amplifiers (Page-265), Frequency Response of Single Transistor Amplifiers (Page-292), Frequency Response Multiple Transistor Amplifiers (Page-351), Operational Amplifiers and Applications (Page-398), Feedback and Oscillators (Page-457), Tuned Amplifiers and Frequency Selective Circuits (Page-520), Transient Response and Switching Speed (Page-561), Introduction to Digital Circuits and Integrated Circuit Logic Gates (Page-593), Flip-Flops Multivibrators, and Digital to- Analog and Analog-to-Digital Converters (Page-636). | ||
| 650 | 0 | _aDigital electronics. | |
| 650 | 0 | _aTelecommunication engineering | |
| 650 | 0 |
_aTransistor amplifiers. _996678 |
|
| 856 | 4 | 2 |
_3Publisher description _uhttp://www.loc.gov/catdir/enhancements/fy0605/84015783-d.html |
| 856 | 4 | 2 |
_3Table of contents only _uhttp://www.loc.gov/catdir/enhancements/fy0605/84015783-t.html |
| 942 |
_2ddc _cBK |
||
| 999 |
_c182090 _d182090 |
||